| 000 | 00369pab a2200145 454500 | ||
|---|---|---|---|
| 008 | 180718b1991 xxu||||| |||| 00| 0 eng d | ||
| 100 | _aOffer, Avner | ||
| 245 | _aFarm tenure and land values in England, c. 1750-1950 | ||
| 260 | _c1991 | ||
| 300 | _a1-20 | ||
| 362 | _aFeb. | ||
| 650 | _aLand Tenure - U.K. | ||
| 773 | _aEconomic and History Review | ||
| 909 | _a12314 | ||
| 999 |
_c12314 _d12314 |
||